000 00748nam a22002537a 4500
005 20160108110806.0
008 100916s2012 nyua 001 0 eng
020 _a9780077337728
020 _a0077337727
020 _a9780077441616
020 _a0077441613
041 0 _aeng
080 _a330.101.541
100 1 _aMcConnell, Campbell R.
245 1 0 _aMacroeconomics :
_cCampbell R. McConnell, Stanley L. Brue, Sean M. Flynn.
250 _a19th ed.
260 _aNew York :
_bMcGraw-Hill/Irwin,
_c2012.
300 _a467 f.:
_bme il.;
_c26 cm.
505 _aIndex: f. 467 - 484
650 0 _aMakroekonomia
700 1 _aBrue, Stanley L.,
_d1945-
700 1 _aFlynn, Sean Masaki.
942 _2udc
_cBK
999 _c782
_d782